000 00307nam a22001337a 4500
008 170208b xxu||||| |||| 00| 0 eng d
020 _a9780387222493
041 _aeng
080 _a61
100 _a4
101 _aSHM
245 _aTHE CLINICIAN'S GUIDE TO MEDICAL WRITING
_cTAYLOR, R.B
942 _2udc
_cBK
999 _c4879
_d4879